[Event "Southend op"]
[Site "London"]
[Date "1998.04.11"]
[Round "4"]
[White "Casement, Stephen"]
[Black "Persson, Jason"]
[Result "1/2-1/2"]
[WhiteElo "1696"]
[BlackElo "1800"]
[PlyCount "34"]
[EventDate "1998.04.10"]
[EventType "swiss"]
[EventRounds "7"]
[EventCountry "ENG"]
[SourceTitle "EXT 2001"]
[Source "ChessBase"]
[SourceDate "2000.11.22"]
[SourceVersion "1"]
[SourceVersionDate "2000.11.22"]
[SourceQuality "1"]

1. e4 c5 2. c3 e6 3. d4 cxd4 4. cxd4 d6 5. Nc3 a6 6. Nf3 Nf6 7. Bd3 Be7 8. 0-0 0-0 9. Be3 Nc6 10. a3 b5 11. b4 Bb7 12. Rc1 Rc8 13. Bb1 h6 14. Qc2 e5 15. d5 Nb8 16. Qd3 Nbd7 17. Nd2 Nb6 1/2-1/2

[Event "Southend op"]
[Site "London"]
[Date "1998.04.11"]
[Round "3"]
[White "Persson, Jason"]
[Black "Elliott, Peter C"]
[Result "1-0"]
[WhiteElo "1800"]
[BlackElo "1336"]
[PlyCount "87"]
[EventDate "1998.04.10"]
[EventType "swiss"]
[EventRounds "7"]
[EventCountry "ENG"]
[SourceTitle "EXT 2001"]
[Source "ChessBase"]
[SourceDate "2000.11.22"]
[SourceVersion "1"]
[SourceVersionDate "2000.11.22"]
[SourceQuality "1"]

1. e4 c5 2. Nf3 d6 3. d4 cxd4 4. Nxd4 Nf6 5. Nc3 a6 6. Bc4 e6 7. 0-0 b5 8. Be2 Be7 9. Bf3 e5 10. Nf5 Nc6 11. Nxg7+ Kf8 12. Bh6 Kg8 13. Nf5 Bf8 14. Bg5 h6 15. Bh4 Kh7 16. Nd5 Bxf5 17. Nxf6+ Qxf6 18. Bxf6 Bg6 19. Bxh8 Kxh8 20. Bg4 Rd8 21. Bf5 Nd4 22. Bxg6 fxg6 23. c3 Ne6 24. Qg4 Nf4 25. g3 h5 26. Qf3 Ne6 27. Qf6+ Ng7 28. Qxd8 Kg8 29. Rad1 Ne6 30. Qb6 Ng5 31. f3 Nf7 32. Qxa6 g5 33. Rd5 Kg7 34. Rfd1 b4 35. cxb4 h4 36. g4 h3 37. Rxd6 Kh8 38. Rd8 Kg7 39. Rxf8 Kxf8 40. Qf6 Ke8 41. b5 Nd6 42. Qxe5+ Kf7 43. Rxd6 Kf8 44. Rf6+ 1-0

[Event "Southend op"]
[Site "London"]
[Date "1998.04.10"]
[Round "1"]
[White "Persson, Jason"]
[Black "Dearing, Eddie"]
[Result "0-1"]
[WhiteElo "1800"]
[BlackElo "2264"]
[PlyCount "56"]
[EventDate "1998.04.10"]
[EventType "swiss"]
[EventRounds "7"]
[EventCountry "ENG"]
[SourceTitle "EXT 2001"]
[Source "ChessBase"]
[SourceDate "2000.11.22"]
[SourceVersion "1"]
[SourceVersionDate "2000.11.22"]
[SourceQuality "1"]

1. e4 c5 2. d4 cxd4 3. c3 Nf6 4. Qxd4 Nc6 5. Qd3 g6 6. Nf3 Bg7 7. Be2 0-0 8. Bf4 d5 9. exd5 Nxd5 10. Bg3 Ndb4 11. Qd1 Qxd1+ 12. Bxd1 Nd3+ 13. Kf1 Nxb2 14. Bc2 Be6 15. h4 Bc4+ 16. Kg1 h6 17. Be4 Rac8 18. Bxc6 Rxc6 19. Nd4 Ra6 20. a3 e5 21. Nf3 e4 22. Nd4 f5 23. Nd2 f4 24. Nxe4 fxg3 25. Nxg3 Nd3 26. Ne4 Bd5 27. f3 Bxe4 28. fxe4 Nf2 0-1